LEADER 01177nam a2200289 i 4500 001 000000113241 003 CaOOAMICUS 005 20030319000000.0 008 030319s2001 it u000 u ita u 013 $a85927 020 $a88-8123-236-7 040 $aSeMil$bita 245 10$aComunione per la missione :$bsussidio per la catechesi degli adulti. 260 $aMilano :$bIn Dialogo,$c2001. 300 $a162 p. ;$c20 cm. 490 0 $aStrumenti di pastorale 500 $aFondo Card. C.M. Martini. 650 4$aCatechesi [per] adulti.$0(OLS)http://semarc/subject/3455 710 2 $aArcidiocesi di Milano : Servizio per la catechesi.$0(OLS)http://semarc/name/47393 830 0$aStrumenti di pastorale.$0(OLS)http://semarc/title/11774 850 $aSeMil 852 $aSeMil$W1$xVenegono$y1$m2C IV 535$j68944$B68944$CSeMilBibl$Z2$F101626 $81 941 1 $a4 961 $aOmaggio: Martini Card. Carlo Maria 996 $6020$a88-8123-236-7$9(OLS)http://semarc/number/96110 996 $6245$aComunione per la missione :$bsussidio per la catechesi degli adulti$9(OLS)http://semarc/title/165295 996 $6260$aMilano :$bIn Dialogo$9(OLS)http://semarc/publisher/31663 LEADER 01167nam a2200253 4500 001 000000353764 003 CaOOAMICUS 005 20230512123501.0 008 230512s1986 xxu 000 u eng r 020 $a0-8066-2244-X 040 $aSeMil$bita 100 1 $aWolff, Hans Walter,$d<1911-1993>.$0(OLS)http://semarc/name/54 240 10$aObadja und Jona.$0(OLS)http://semarc/title/327581 245 10$aObadiah and Jonah :$ba commentary /$cHans Walter Wolff ; translated by Margaret Kohl. 264 1$aMinneapolis :$bAugsburg Publishing House,$c1986. 300 $a191 p. ;$c24 cm 650 4$aBibbia. Antico Testamento. Giona - Commentari, studi, critica, interpretazioni.$0(OLS)http://semarc/subject/3616 700 1 $aKohl, Margaret.$0(OLS)http://semarc/name/117389 850 $aSeMil 852 $aSeMil$W1$xVenegono$y1$m2V IV 261$j240271$B244980$CSeMilBibl$Z2$F244980 $81 996 $6020$a0-8066-2244-X$9(OLS)http://semarc/number/298144 996 $6245$aObadiah and Jonah :$ba commentary$9(OLS)http://semarc/title/443881 996 $6264$aMinneapolis :$bAugsburg Publishing House$9(OLS)http://semarc/publisher/32184